000 00780cam a22002773a 4500
001 2218
003 PGUSA
005 20140828083012.0
008 000601s2000||||xxu|||||s|||||000 | eng d
040 _aPGUSA
_beng
042 _adc
050 4 _aQP
050 4 _aQH
100 1 _aHuman Genome Project
245 1 0 _aHuman Genome Project, rough draft, Chromosome Number 18
_h[electronic resource] /
_cHuman Genome Project
260 _bProject Gutenberg,
_c2000
506 _aPublic domain in the USA.
516 _aElectronic text
653 _aNucleotide sequence
653 _aHuman genetics
653 _aHuman gene mapping
653 _aHuman Genome Project
830 0 _aProject Gutenberg
_v2218
856 4 0 _uhttp://www.gutenberg.org/ebooks/2218
942 _cEB
999 _c231555
_d231555